| 000 | 02110nam a2200313 a 4500 | ||
|---|---|---|---|
| 003 | OSt | ||
| 005 | 20250624095821.0 | ||
| 007 | ta | ||
| 008 | 211004b2014 dr ||||| |||| 00| 0 spa d | ||
| 020 | _a9789945410778 | ||
| 040 |
_aDO-SdBNP _bspa _cBNPHU |
||
| 082 |
_a616.89 _bZ18m 2014 |
||
| 100 | 1 |
_aZaglul, Antonio, _d1920-1996 _969657 |
|
| 245 | 1 | 0 |
_aMis 500 locos / _cAntonio Zaglul. |
| 246 | 1 | 0 | _aMis quinientos locos |
| 260 |
_aSanto Domingo : _bLetragráfica, _c2014. |
||
| 300 |
_a165 p. : _bil. fot. ; _c22 cm. |
||
| 490 | 1 | _aLibros para todos | |
| 500 | _aIncluye datos biográficos del autor en la página 165 | ||
| 505 | 0 | _aMotivación -- La Ilegada -- Recordando al Padre Billini -- Trementina, clerén y bongó -- Fiesta dominical -- Historia de los manicomios -- Los enfermeros -- Un extraño cargamento -- Los mellizos se encuentran -- El padre Wheaton -- El día que los locos callaron -- La Psiquiatría evoluciona -- La mente y sus enfermedades -- El mundo de los psicópatas -- Las neurosis -- Las psicosis -- El mundo misterioso de los esquizofrénicos -- Autobiografía de una esquizofrénica -- Plinio -- El corredor El liniero que 10 sabía todo -- El maestro -- El loco que nunca refa -- El venezolano -- La locura maníaco-depresiva -- La tristeza invade el manicomio -- Una apuesta macabra -- Los maníacos -- Epilepsia -- "La gota", palabra maldita -- Más ladrón que loco -- El amigo Bernardo -- El veterano -- Los seniles -- "Los fantasmas de mi cerebro" de José María Gironella -- Los tratamientos -- Pablito Mirabal -- La paraplejía histérica -- Los esclavos simuladores -- Los disimuladores -- Bombín, el herbolario -- Antonio, el necrofflico -- La muerte Ilega al manicomio -- Nos vamos -- Final | |
| 590 | _aInventariado, 2021 / LP | ||
| 590 | _aLa biblioteca posee 1 ejemplar autografiado | ||
| 650 | 4 |
_aPsiquiatría _xCasos, historias clínicas, estadística _926961 |
|
| 650 | 4 |
_aEnfermos mentales _918248 |
|
| 650 | 4 |
_aTrastornos mentales _918252 |
|
| 830 | 0 |
_aLibros para todos _969658 |
|
| 910 | _aValidado. Control de calidad MFF | ||
| 942 |
_2ddc _cLBS1 |
||
| 999 |
_c50694 _d50694 |
||